Rivers in prehistory : edited by Andrea Vianello.
From antiquity onwards people have opted to live near rivers and major watercourses. Both freshwater and navigable routes provide the obvious reasons for settling near a river, but there are also many drawbacks, such as flooding. This volume explores rivers as facilitators of movement through landsc...
مؤلفون آخرون:
التنسيق: كتاب الكتروني
اللغة: English
منشور في:
Oxford :
Archaeopress Publishing Ltd,
[2015]
الموضوعات:
الوصول للمادة أونلاين: Login to view Source
الوسوم: إضافة وسم
رقم الطلب: CC77.W48 R58 2015
| LEADER | 01953nam a2200373 i 4500 | ||
|---|---|---|---|
| 001 | EDZ0001353143 | ||
| 003 | StDuBDS | ||
| 005 | 20230412181618.0 | ||
| 006 | m|||||o||d|||||||| | ||
| 007 | cr ||||||||||| | ||
| 008 | 160125t20152015enka fob 000|0|eng|d | ||
| 020 | |a 9781784911799 (PDF ebook) : |c No price | ||
| 040 | |a StDuBDS |b eng |c StDuBDS |e rda |e pn | ||
| 050 | 0 | |a CC77.W48 |b R58 2015 | |
| 082 | 0 | 4 | |a 930.10285 |2 23 |
| 245 | 0 | 0 | |a Rivers in prehistory : |b edited by Andrea Vianello. |
| 264 | 1 | |a Oxford : |b Archaeopress Publishing Ltd, |c [2015] | |
| 264 | 4 | |c ©2015 | |
| 300 | |a 1 online resource : |b illustrations (black and white, and colour) | ||
| 336 | |a text |2 rdacontent | ||
| 336 | |a still image |2 rdacontent | ||
| 337 | |a computer |2 rdamedia | ||
| 338 | |a online resource |2 rdacarrier | ||
| 504 | |a Includes bibliographical references. | ||
| 520 | 8 | |a From antiquity onwards people have opted to live near rivers and major watercourses. Both freshwater and navigable routes provide the obvious reasons for settling near a river, but there are also many drawbacks, such as flooding. This volume explores rivers as facilitators of movement through landscapes, and it investigates the reasons for living near a river, as well as the role of the river in the human landscape. Ultimately, it focuses on the delicate relationship between humans and their environment, looking at the origins to help understand the present. | |
| 521 | |a Specialized. | ||
| 588 | |a Description based on online resource; title from home page (viewed on March 14, 2016). | ||
| 650 | 0 | |a Water-saturated sites (Archaeology) | |
| 700 | 1 | |a Vianello, Andrea, |d 1975- |e editor. | |
| 776 | 0 | 8 | |i Print version : |z 9781784911782 |
| 856 | 4 | 0 | |3 Archaeopress |u http://library.arce.org:8087/Archaeopress/Products/9781784911782 |
| 942 | |2 lcc |c EBOOK | ||
| 952 | |0 0 |1 0 |4 0 |6 CC0077 W48 |7 1 |9 46085 |a ARCH |b ARCH |d 2023-04-12 |l 0 |o CC77.W48 |r 2023-04-12 00:00:00 |w 2023-04-12 |y EBOOK | ||
| 999 | |c 51743 |d 51743 | ||
